One Piece quiz ultime 12 - Arc Jaya - Statistiques

Statistiques générales
  • Ce quiz a été pris 18 fois
  • Le résultat moyen est 27 sur 83
Statistiques - réponses
Question Réponse % Correct
Qui Luffy imite-t-il avec les pouvoirs de Robin ? Chopper
81%
Vers quel endroit pointe le Log Pose de Nami ? Le ciel
75%
Combien de coups de poing Luffy a-t-il dû mettre à Bellamy pour le battre ? Un seul
75%
Qui a réussi à capturer l'oiseau ? Nico Robin
69%
De quelle mer est originaire Sanji ? North Blue
69%
Quel est le surnom de Bellamy ? La hyène
63%
Étonnamment de quel animal Usopp n'a-t-il pas peur ? Les araignées
63%
Qui s'est incrusté sur le navire de Baggy pour finalement faire la fête avec lui ? Portgas D. Ace
63%
La carte de quelle île celeste Luffy a-t-il trouvé sur le bateau ? Skypiea
63%
Qui a tiré sur des mouettes depuis Jaya ? Van Augur
63%
Quel âge a Robin ? 28 ans
56%
Selon Luffy et Zoro, Barbe Noire n'est pas "ce type", mais plutôt... "Ces types"
56%
Quel est le vrai nom complet de Barbe Blanche ? Edward Newgate
56%
Quel livre lit tout le temps Kuma ? La bible
56%
Quel Ponéglyphe recherche Robin ? Le Rio Ponéglyphe
56%
Quel est le vrai nom complet de Barbe Noire ? Marshall D. Teach
56%
Qui se prépare à rencontrer Barbe Blanche ? Shanks
56%
Quel oiseau l'équipage doit-il capturer ? Un south bird
56%
Le trésor de quel capitaine Baggy cherche-t-il ? John
50%
Qui est venu se taper l'incruste à la réunion des grands corsaires ? Laffitte
50%
Quel est le surnom de Sengoku ? Le bouddha
50%
Comment s'appelle le cheval de Doc Q ? Stronger
50%
Qu'est-ce que Cricket a au sommet du crâne ? Un marron
50%
Quel animal se colle à Zoro durant l'exploration sous-marine de l'épave ? Un poulpe
50%
Combien y a-t-il de membres dans l'équipage de Bellamy ? 12
44%
Quel est le rêve de Robin ? Découvrir la véritable histoire du siècle oublié
44%
Quel fruit a mangé Bellamy ? Fruit du Ressort /Bane Bane no Mi
44%
Quel est le titre de Barbe Blanche ? L'homme le plus fortdu monde
44%
Quel est le titre du livre sur Norland ? Norland le roi des menteurs
44%
Quel animal accompagne tout le temps Sengoku ? Une chèvre
44%
Qu'est-ce que Doc Q offre à Luffy durant leurs rencontre ? Une pomme
44%
Qu'est-ce que Luffy trouve dégueu à en mourir dans le bar ? Une tarte à la cerise
44%
Quel type de bateau Barbe Noire utilise-t-il ? Un radeau
44%
Quel est le surnom de Jesus Burgess ? Champion
38%
Qu'est-ce que Luffy a promis à Nami de ne pas faire dans la ville ? De se battre
38%
Qui sont les trois seuls grands corsaires à s'être présentés à la réunion ? Doflamingo, Kuma et Mihawk
38%
Comment s'appelle le courant marin qui projette les navires dans le ciel ? Knock-Up Stream
38%
Qu'est-ce que Luffy préfére presque au One Piece ? Les scarabées
38%
Quel est le surnom de Roshio ? L'exécuteur
38%
Quel est le nom de la ville de non-droit de Jaya ? Mock Town
38%
Quel est le rire de Barbe Noire ? Zehahahahahaha
38%
Quel est le montant de la prime de Bellamy ? 55.000.000
31%
Qu'est-ce qui apparaît lorsque la nuit tombe subitement ? Des silhouettes géantes
31%
À quel animal ressemble le Vogue Merry une fois modifié en mode aérodynamique ? Un poulet
31%
Quel véhicule venant des îles célestes Luffy a-t-il trouvé dans l'épave ? Un waver
31%
Quel est le montant de la prime de Masira ? 23.000.000
25%
Quel est le montant de la prime de Cricket ? 25.000.000
25%
Quel est le montant de la prime de Doflamingo ? 340.000.000
25%
Quel est le montant de la prime de Sarquiss ? 38.000.000
25%
Quel est le montant de la prime de Roshio ? 42.000.000
25%
Quelle est la plus haute instance du Gouvernement Mondial ? Conseil des cinq doyens / Gorosei
25%
Quel est le surnom de Van Augur ? Supersonique
25%
Quel animal avale l'épave ? Une tortue
25%
Quel est le montant de la prime de Shôjô ? 36.000.000
19%
Quel est le montant de la prime de Rockstar ? 94.000.000
19%
Quel est la particularité de la maison de Cricket ? Elle est coupée en deux
19%
Quel est le cri de l'oiseau que l'équipage doit attraper ? Jôôô
19%
Quel est le surnom de Tsuru ? La grande conseillère
19%
Quel est le surnom de Masira ? Le roi du repêchage
19%
Qu'est-ce que Bellamy a volé à Cricket ? Les lingots d'or
19%
Quel insecte Luffy a-t-il réussit à attraper en revenant au bateau ? Un hercule
19%
Quel est le montant de la prime de Kuma ? 296.000.000
13%
Quel est le surnom de Sarquiss ? Bigknife
13%
En plus du One Piece et de la cité d'or, quel lieu Bellamy mentionne-t-il, disant qu'il n'existe pas ? La ville d'émeraude
13%
Quel est le surnom de Doc Q ? Le faucheur /La faucheuse
13%
Quel est le nom du bateau tombé du ciel ? Saint Briss
13%
Quel hôtel l'équipage de Bellamy a-t-il réservé ? Tropical Hotel
13%
Comment s'appelle la figure de proue du navire de Masira ? Barco Hunter
6%
Quel est le surnom de Shôjô ? Le roi de la fouille sous-marine
6%
Quel est le surnom de Laffitte ? Le shérif démoniaque
6%
Comment s'appelle la baie de Jaya ? Mouth Bay
6%
Quel est le nom du bateau de Bellamy ? New Witch's Tongue
6%
Quel est le nom des plongeurs de l'équipage de Shôjô ? Plongeurs-Outangs / Utan Divers
6%
Quelle est la technique la plus puissante de Bellamy ? Spring Hopper
6%
Quel est le nom du bateau de Shôjô ? Utan Sonar /Outgang Sonar
6%
Quel est le nom du bateau de Masira ? Victory Hunter
6%
Qui a dit cette phrase : "Toute chose imaginable par l'Homme peut se produire dans la réalité" ? Willy Galon
6%
Quelles armes Sarquiss utilise-t-il ? Des kukris
0%
Quelle est la citation de Barbe Noire sur les rêves ? "Jamais les hommes ne renonceront à
leurs rêves"
0%
Quel est le surnom de la ville de non-droit de Jaya ? La ville méprisante
0%
Dans quel bar Luffy rencontre Barbe Noire ? Pub and Pies
0%
Comment s'appelle la forêt de Jaya ? South Grave
0%
Dans quel bar Bellamy jouait-il aux cartes avec Roshio ? Wild Cherry
0%
Aucun quiz correspondant
Distribution des résultats
% des personnes avec chaque résultat
Percentile par nombre de réponses
Votre historique - résultats
Vous n’avez pas pris ce quiz